[Event "Niedersachsen-ch op-C"]
[Site "Verden"]
[Date "2013.01.05"]
[Round "5"]
[White "Cegielka, Michael"]
[Black "Kutza, Simon"]
[Result "1-0"]
[WhiteElo "1386"]
[BlackElo "1170"]
[PlyCount "53"]
[EventDate "2013.01.03"]
[EventType "swiss"]
[EventRounds "7"]
[EventCountry "GER"]
[SourceTitle "EXT 2021"]
[Source "ChessBase"]
[SourceDate "2020.10.23"]
[SourceVersion "1"]
[SourceVersionDate "2020.10.23"]
[SourceQuality "1"]

1. e4 e5 2. Nf3 Nc6 3. Bc4 Bc5 4. c3 Qe7 5. d3 d6 6. Nbd2 Bg4 7. Nf1 Nf6 8. Ng3 h6 9. 0-0 h5 10. h3 Bd7 11. Ng5 Rf8 12. Nxh5 g6 13. Nxf6+ Qxf6 14. Nh7 Qe7 15. Nxf8 Qxf8 16. Be3 0-0-0 17. Bxc5 dxc5 18. f4 f5 19. fxe5 Nxe5 20. exf5 Bxf5 21. Be6+ Kb8 22. Bxf5 gxf5 23. d4 b6 24. Qh5 Qg7 25. dxe5 Qxe5 26. Qxf5 Qe3+ 27. Qf2 1-0